书目信息 |
| 题名: |
在路上
|
|
| 作者: | 杨柳青 著 | |
| 分册: | ||
| 出版信息: | 北京 作家出版社 2013.11 |
|
| 页数: | 210页 | |
| 开本: | 32开 | |
| 丛书名: | ||
| 单 册: | ||
| 中图分类: | I712.45 , I266.1 | |
| 科图分类: | ||
| 主题词: | 散文--中国 , 散文--作品综合集--中国 | |
| 电子资源: | ||
| ISBN: | 978-7-5063-8869-6 | |
| 000 | 00602nam0 2200217 45 | |
| 001 | 1460073345 | |
| 005 | 20140608164323.59 | |
| 010 | @a978-7-5063-8869-6@dCNY36.00 | |
| 100 | @a20001111d2013 km y0chiy0120 ea | |
| 101 | 0 | @achi |
| 102 | @aCN@b110000 | |
| 200 | 1 | @a在路上@AZai Lu Shang@f杨柳青著@Fyang liu qing zhu |
| 210 | @a北京@c作家出版社@d2013.11 | |
| 215 | @a210页@d32开 | |
| 606 | 0 | @a散文@x中国 |
| 606 | 0 | @a散文@x作品综合集@x中国 |
| 690 | @aI712.45@v3 | |
| 690 | @aI266.1@v4 | |
| 701 | 0 | @a杨柳青@Ayang liu qing@4著 |
| 801 | @aCN@bPftUser@c20001111 | |
| 905 | @b401320-321@dI266.1@eY225@f2 | |
| 在路上/杨柳青著.-北京:作家出版社,2013.11 |
| 210页;32开 |
| ISBN 978-7-5063-8869-6:CNY36.00 |
| ● |
| 相关链接 |
|
|
|
正题名:在路上
索取号:I266.1/Y225
 
预约/预借
| 序号 | 登录号 | 条形码 | 馆藏地/架位号 | 状态 | 备注 |
| 1 | 493764 | 204937649 | 文学库116/116文学库 2排4列1层/ [索取号:I266.1/Y225] | 在馆 | |
| 2 | 493765 | 204937658 | 社科二线422/116文学库 2排3列6层/ [索取号:I266.1/Y225] | 在馆 | |
| 3 | 493766 | 204937667 | 社科二线422/422社科库 53排3列3层/ [索取号:I266.1/Y225] | 在馆 | |
| 4 | 493767 | 204937676 | 社科二线422/422社科库 53排3列3层/ [索取号:I266.1/Y225] | 在馆 | |
| 5 | 493768 | 204937685 | 文学库116/116文学库 2排4列1层/ [索取号:I266.1/Y225] | 在馆 |